Reforma agraria: (Record no. 123964)

MARC details
000 -LEADER
fixed length control field 00933nam a22002177a 4500
005 - DATE AND TIME OF LATEST TRANSACTION
control field 20170113091801.0
008 - FIXED-LENGTH DATA ELEMENTS--GENERAL INFORMATION
fixed length control field 170113b mx||||| |||| 00| 0 spa d
020 ## - INTERNATIONAL STANDARD BOOK NUMBER
International Standard Book Number 9786074685145
050 04 - LIBRARY OF CONGRESS CALL NUMBER
Classification number KGF3835.5
Item number S87 2012
110 1# - MAIN ENTRY--CORPORATE NAME
Corporate name or jurisdiction name as entry element México. Suprema Corte de Justicia de la Nación
245 10 - TITLE STATEMENT
Title Reforma agraria:
Remainder of title durante los años veinte en los expedientes de la Suprema Corte de Justicia de la Nación /
Statement of responsibility, etc Suprema Corte de Justicia de la Nación.
250 ## - EDITION STATEMENT
Edition statement Primera edición
260 ## - PUBLICATION, DISTRIBUTION, ETC. (IMPRINT)
Place of publication, distribution, etc México :
Name of publisher, distributor, etc Coordinación dee Compilación y Sistematización de Tesis,
Date of publication, distribution, etc 2012
300 ## - PHYSICAL DESCRIPTION
Extent 124 páginas :
Other physical details il. ;
Dimensions 28 cm.
490 #0 - SERIES STATEMENT
Series statement Archivo de la Suprema Corte de Justicia de la Nación ;
Volume number/sequential designation 3
650 #7 - SUBJECT ADDED ENTRY--TOPICAL TERM
Source of heading or term lemb
Topical term or geographic name as entry element Reforma agraria
Chronological subdivision S. XX
Geographic subdivision México
650 #7 - SUBJECT ADDED ENTRY--TOPICAL TERM
Topical term or geographic name as entry element Recurso de amparo
Geographic subdivision México
650 #7 - SUBJECT ADDED ENTRY--TOPICAL TERM
Source of heading or term lemb
Topical term or geographic name as entry element Tenencia de la tierra
Geographic subdivision México
651 #7 - SUBJECT ADDED ENTRY--GEOGRAPHIC NAME
Source of heading or term lemb
Geographic name México. Suprema Corte de Justicia
General subdivision Resoluciones
942 ## - ADDED ENTRY ELEMENTS (KOHA)
Source of classification or shelving scheme Biblioteca del Cogreso de los Estados Unidos
Koha item type Libro
Holdings
Estado de pérdida Fuente de clasificación Estado del daño No para préstamo Ubicación permanente Ubicación actual Apartado o colección Fecha de adquisición Enumeración de Serie / Cronológica Área del conocimiento Clasificación Código de Barras Date last seen Número de copia Tipo de recurso
  Biblioteca del Cogreso de los Estados Unidos     Biblioteca de la Facultad de Derecho y Ciencias Sociales "Felipe J. Tena" Biblioteca de la Facultad de Derecho y Ciencias Sociales "Felipe J. Tena" General 13/01/2017 BFD000003850 Ciencias Sociales y Administrativas KGF3835.5 S87 2012 BFD000003850 13/01/2017 1 Libro